000 01278cam a2200361 4500
999 _c23549
_d23549
001 vtls012065670
005 20230810122237.0
008 210816s2021 xo er 000 f slo
020 _a9788055177342
_q(viazané)
040 _aTTKJF
_bslo
_cTTKJF
_dSNK
_erda
041 1 _aslo
_heng
044 _axo
_cSK
072 7 _a821.111(73)-3
_xAmerická próza
_2konspekt
080 _a821.111(73)-31
_22011
080 _a82-311.4
_22011
100 1 _aLombardo, Claire,
_d1988-
_4aut
_93876
240 1 4 _aThe Most Fun We Ever Had
_lSlovensky
245 1 0 _aTo najlepšie v živote
_cClaire Lombardo ; z anglického originálu The Most Fun We Ever Had ... preložila Tamara Chovanová
264 1 _aBratislava
_bIkar
_c2021
300 _a503 strán
_c24 cm
336 _atext
_btxt
_2rdacontent
337 _abez média
_bn
_2rdamedia
338 _azväzok
_bnc
_2rdacarrier
500 _aPreložené z angličtiny
500 _aObsahuje stručné biografické údaje o autorke na záložke prebalu publikácie
655 7 _aamerické romány
_2SNKPH
_92
655 7 _aAmerican fiction
_2SNKPHeng
_93
655 7 _aspoločenské romány
_2SNKPH
_912
655 7 _aSociety novels
_2SNKPHeng
_93645
700 1 _aChovanová, Tamara,
_d1953-
_4trl
_91712
958 _aLX
958 _aUP